| 000 | 00960pam a2200277 a 4500 | ||
|---|---|---|---|
| 999 |
_c1479 _d1479 |
||
| 001 | 633692 | ||
| 003 | OSt | ||
| 005 | 20210628090217.0 | ||
| 008 | 930402s1993 vau b 000 0 eng | ||
| 010 | _a 93010698 | ||
| 020 | _a087293036X (pbk.) | ||
| 040 |
_aDLC _cDLC _dDLC |
||
| 050 | 0 | 0 |
_aHV11 _b.S494 1993 |
| 082 | 0 | 0 |
_a361/.0071 _220 |
| 100 | 1 | _aShulman, Lawrence. | |
| 245 | 1 | 0 |
_aTeaching the helping skills : _ba field instructor's guide / _cLawrence Shulman. |
| 250 | _a2nd ed. | ||
| 260 |
_aAlexandria, VA : _bCouncil on Social Work Education, _cc1993. |
||
| 300 |
_a88 p. ; _c23 cm. |
||
| 504 | _aIncludes bibliographical references (p. [84]-88). | ||
| 650 | 0 |
_aSocial service _xFieldwork _xStudy and teaching. |
|
| 650 | 0 | _aSocial work education. | |
| 906 |
_a7 _bcbc _corignew _d1 _eocip _f19 _gy-gencatlg |
||
| 942 |
_2lcc _cBK _nMM |
||